Flags With Stars on Them #3 - Statistics

General Stats
  • This quiz has been taken 36 times
  • The average score is 11 of 13
Answer Stats
Picture Answer % Correct
Angola
96%
Cuba
96%
Kosovo
96%
Libya
93%
Tunisia
93%
Turkmenistan
89%
D.R. Congo
85%
Sao Tome & Principe
85%
South Sudan
85%
Nepal
81%
Uzbekistan
81%
Djibouti
78%
Suriname
78%
No matching quizzes found
Score Distribution
Percent of People with Each Score
Percentile by Number Answered
Your Score History
You have not taken this quiz